| 000 | 00449nam a22001697a 4500 | ||
|---|---|---|---|
| 003 | OSt | ||
| 008 | 241023b |||||||| |||| 00| 0 eng d | ||
| 020 | _a9780500289228 | ||
| 082 | _a746.4 BAF | ||
| 100 | _aBAUGH, Gail | ||
| 245 | _aFashion Designer's Textile Directory: The Creative use of Fabrics in Design | ||
| 250 | _a1st. ed. | ||
| 260 |
_aLondon, _bThames & Hudson Ltd, _c2011, |
||
| 300 | _a320 p. | ||
| 650 | _aB.FAD. | ||
| 942 |
_2ddc _cREF |
||
| 999 |
_c12963 _d12963 |
||